China's age of abundance: (Record no. 761020)

MARC details
000 -LEADER
fixed length control field 00387nam a22001337a 4500
020 ## - INTERNATIONAL STANDARD BOOK NUMBER
ISBN 9781009444897
082 ## - DEWEY DECIMAL CLASSIFICATION NUMBER
Classification number 330.951 WAN/C
100 ## - MAIN ENTRY--AUTHOR NAME
Personal name Feng,Wang
245 ## - TITLE STATEMENT
Title China's age of abundance:
Sub Title origins ascendance, and aftermath/
Statement of responsibility, etc Wang, Feng
260 ## - PUBLICATION, DISTRIBUTION, ETC. (IMPRINT)
Place of publication . - Uk
Name of publisher : Cambridge University Press
Year of publication , 2024
300 ## - PHYSICAL DESCRIPTION
Number of Pages xvi+255 pages
942 ## - ADDED ENTRY ELEMENTS (KOHA)
Source of classification or shelving scheme Dewey Decimal Classification
Koha item type Reference
Holdings
Withdrawn status Lost status Source of classification or shelving scheme Damaged status Not for loan Home Library Current Location Shelving location Date acquired Full call number Accession Number Price effective from Koha item type
    Dewey Decimal Classification     Dept. of Political Science Dept. of Political Science Reference 27/01/2026 330.951 WAN/C POL23888 24/06/2026 Reference